Titanic sinks! / (Record no. 685)

MARC details
000 -LEADER
fixed length control field 01091nam a22002777a 4500
005 - DATE AND TIME OF LATEST TRANSACTION
control field 20241217144805.0
020 ## - INTERNATIONAL STANDARD BOOK NUMBER
International Standard Book Number 9780670012435 (hardcover)
020 ## - INTERNATIONAL STANDARD BOOK NUMBER
International Standard Book Number 9780545453509
040 ## - CATALOGING SOURCE
Original cataloging agency DLC
Transcribing agency DLC
Modifying agency DLC
Language of cataloging eng
050 00 - LIBRARY OF CONGRESS CALL NUMBER
Classification number G530.T6
Item number D46 2011
082 00 - DEWEY DECIMAL CLASSIFICATION NUMBER
Classification number 910.9163/4
Edition number 22
100 1# - MAIN ENTRY--PERSONAL NAME
Personal name Denenberg, Barry.
245 10 - TITLE STATEMENT
Title Titanic sinks! /
Statement of responsibility, etc. Barry Denenberg.
250 ## - EDITION STATEMENT
Edition statement First Scholastic printing, April 2012
260 ## - PUBLICATION, DISTRIBUTION, ETC.
Place of publication, distribution, etc. New York :
Name of publisher, distributor, etc. Scholastic,
Date of publication, distribution, etc. 2011.
300 ## - PHYSICAL DESCRIPTION
Extent 72 pages :
Other physical details color illustrations
Dimensions 29 cm.
500 ## - GENERAL NOTE
General note "Modern times : your world illustrated ; a special memorial edition of Modern Times magazine's historic coverage of the Titanic tragedy"-T.p.
505 ## - FORMATTED CONTENTS NOTE
Formatted contents note Z
520 ## - SUMMARY, ETC.
Summary, etc. Presents the true story of the building and launching of the Titanic and offers a "you are there" feeling when the steamship struck an iceberg and sank on her maiden voyage.
521 ## - TARGET AUDIENCE NOTE
Target audience note 1200 <br/>
Source Lexile
521 ## - TARGET AUDIENCE NOTE
Target audience note Z
Source Raz-Plus
650 #0 - SUBJECT ADDED ENTRY--TOPICAL TERM
Topical term or geographic name entry element Shipwrecks
Geographic subdivision North Atlantic Ocean
Form subdivision Juvenile literature.
906 ## - LOCAL DATA ELEMENT F, LDF (RLIN)
a 7
b cbc
c orignew
d 1
e ecip
f 20
g y-gencatlg
942 ## - ADDED ENTRY ELEMENTS (KOHA)
Source of classification or shelving scheme Dewey Decimal Classification
Koha item type Books
Suppress in OPAC No
999 ## -
-- 685
-- 685
Holdings
Withdrawn status Lost status Source of classification or shelving scheme Damaged status Not for loan Collection Home library Current library Shelving location Date acquired Total Checkouts Full call number Barcode Date last seen Date last checked out Copy number Price effective from Koha item type
    Dewey Decimal Classification     Non-Fiction Footprints International School Library Network Toul Kork Campus Footprints International School Library Network Toul Kork Campus A TK Campus, 4th Floor, Room B401, Non-Fiction Bookcases(7-8) 02/17/2024 1 DEN 910.9163 G530.T6 FISSE00613 05/16/2025 08/30/2024 1 02/17/2024 Books
    Dewey Decimal Classification     Non-Fiction Footprints International School Library Network Toul Tom Poung Campus Footprints International School Library Network Toul Tom Poung Campus TTP Secondary Non-Fiction Bookshelves 02/17/2024   DEN 910.9163 G530.T6 FISSE00612 12/17/2024   2 02/17/2024 Books